Lanean...
World of wildlife conservation
| Egile nagusia: | |
|---|---|
| Formatua: | Printed Book |
| Argitaratua: |
Bloomsbury Books, London
1991
|
| Gaiak: |
| LEADER | 00513nam a2200193 4500 | ||
|---|---|---|---|
| 020 | |||
| 082 | |a R 333.95416 ANT-W | ||
| 100 | |a Anthony; Nayman, Jacqueline | ||
| 245 | |a World of wildlife conservation | ||
| 250 | |||
| 260 | |a Bloomsbury Books, London |c 1991 | ||
| 300 | |||
| 490 | |||
| 500 | |||
| 590 | |a PJ | ||
| 650 | |a Wildlife conservation | ||
| 942 | |c BK | ||
| 999 | |c 90800 |d 90800 | ||
| 952 | |0 0 |1 0 |4 0 |6 R_333_954160000000000_ANTW |7 0 |9 104268 |a ZGY |b ZGY |l 0 |o R 333.95416 ANT-W |p ZGY03337 |r 2019-09-25 |w 2019-09-25 |y BK | ||